000
00227nam a22000977a 4500
008
230704b xxu||||| |||| 00| 0 eng d
082
_a
392.1
_b
PRB
245
_a
Abandoning Female genital cutting
300
_a
31p
942
_2
ddc
_c
BK
999
_c
3867
_d
3867